000 00219nam a22001217a 4500
040 _cHS
082 _a111
100 _aNA
245 _aEnglish for agriculture
260 _aRUA
_bNA
_cNA
300 _aNA
942 _cKB
999 _c10269
_d10269